000 00822nam a2200253 i 4500
001 179523
003 ES-MaACL
005 20250826051219.0
008 111220s2010 sp ad f |||| | spa d
020 _a978-84-8342-278-6
080 _a336.1/.5
100 1 _aBustos Gisbert, Antonio.
_9148760
245 1 0 _aLecciones de hacienda pública /
_cAntonio Bustos Gisbert.
250 _a5ª ed.
260 _aMajadahonda, Madrid :
_bCOLEX,
_c2010.
300 _a813 p. :
_bil., gráf. ;
_c24 cm.
504 _aReferencias bibliográficas.
650 7 _aHacienda pública
_2embne
_913279
650 0 4 _aHacienda pública-
_zEspaña.
_913281
852 _aES-MaACL
_9186419
_bR.148448
_jA-11826
_dOlim: N-4831
_cDEPO1
942 _2udc
_cMONOGRAFIA
999 _c179523
_d179523